Lecciones de historia hispanoamericana (Record no. 34025)
[ view plain ]
| 000 -CABECERA | |
|---|---|
| campo de control de longitud fija | 00724nam a2200229 a 4500 |
| 003 - IDENTIFICADOR DEL NÚMERO DE CONTROL | |
| campo de control | UPN |
| 005 - FECHA Y HORA DE LA ÚLTIMA TRANSACCIÓN | |
| campo de control | 20240426063923.0 |
| 008 - ELEMENTOS DE LONGITUD FIJA--INFORMACIÓN GENERAL | |
| campo de control de longitud fija | 991125s1938 mx ab 001 0 spa d |
| 035 ## - NÚMERO DE CONTROL DEL SISTEMA | |
| Número de control de sistema | UPN01000034025 |
| 040 ## - FUENTE DE LA CATALOGACIÓN | |
| Centro catalogador/agencia de origen | MX-MxUPN |
| Lengua de catalogación | spa |
| Centro/agencia transcriptor | MX-MxUPN |
| 041 ## - CÓDIGO DE IDIOMA | |
| Código de lengua del texto/banda sonora o título independiente | spa |
| 050 #4 - SIGNATURA TOPOGRÁFICA DE LA BIBLIOTECA DEL CONGRESO | |
| Número de clasificación | F1411 |
| Número de documento/Ítem | T3.4 |
| 100 1# - ASIENTO PRINCIPAL--NOMBRE PERSONAL | |
| Nombre de persona | Taracena Quevedo, Alfonso, |
| Fechas asociadas al nombre | 1896-1995 |
| 9 (RLIN) | 40262 |
| 245 10 - MENCIÓN DE TÍTULO | |
| Título | Lecciones de historia hispanoamericana |
| 260 ## - PUBLICACIÓN, DISTRIBUCIÓN, ETC. | |
| Lugar de publicación, distribución, etc. | México, D.F. : |
| Nombre del editor, distribuidor, etc. | Edicones Botas, |
| Fecha de publicación, distribución, etc. | 1938. |
| 300 ## - DESCRIPCIÓN FÍSICA | |
| Extensión | 276 páginas : |
| Otras características físicas | ilustraciones, mapas |
| 500 ## - NOTA GENERAL | |
| Nota general | "Arregladas para las escuelas del continente" |
| 504 ## - NOTA DE BIBLIOGRAFÍA, ETC. | |
| Nota de bibliografía, etc. | Incluye índice |
| 651 #4 - ASIENTO SECUNDARIO DE MATERIA - NOMBRE GEOGRAFICO | |
| Nombre geográfico | América Latina |
| Subdivisión general | Historia |
| -- | Estudio y enseñanza (Superior) |
| 9 (RLIN) | 2868 |
| 905 ## - TIPO DE MATERIAL | |
| Tipo de material | Libro |
| 942 ## - ELEMENTOS DE PUNTO DE ACCESO ADICIONAL (KOHA) | |
| Fuente del sistema de clasificación o colocación | Library of Congress Classification |
| Tipo de ítem Koha | Libro |
| Suprimir en OPAC | No |
| Estado de retiro | Estado de pérdida | Fuente del sistema de clasificación o colocación | Estado dañado | No para préstamo | Código de colección | Localización permanente | Ubicación/localización actual | Ubicación en estantería | Fecha de adquisición | Clasificación | Código de barras | Fecha visto por última vez | Tipo de ítem Koha |
|---|---|---|---|---|---|---|---|---|---|---|---|---|---|
| Library of Congress Classification | Disponible (Previa cita) | Fondo Reservado de libros | Bib. Gregorio Torres Quintero | Bib. Gregorio Torres Quintero | Sala de Fondos Reservados Planta alta | 18/11/2022 | F1411 T3.4 | 123488 | 31/12/2020 | Libro |
